Titres de l'album LMF - Statistiques

Statistiques générales
  • Ce quiz a été pris 38 fois
  • Le résultat moyen est 11 sur 17
Statistiques - réponses
Track n° Titre Featuring % Correct
1 Freeze Raël
100%
5 Rap catéchisme Alpha Wann
92%
14 Dans les buissons Osirus Jack , Roi Heenok
73%
2 Hors ligne
73%
4 Tarkov
73%
3 Scellé Part. 2 ASHE 22
69%
17 Chen Laden
65%
13 Numérologie Stavo
65%
16 PDM Alpha 5.20, Shone
65%
15 Desiigner
62%
12 L'art de la guerre Black Jack
54%
7 Pas de refrain Kaki Santana
54%
9 Logo Audi Despo Rutti
50%
10 Moncler La F
50%
11 R.I.P. Pop Smoke
50%
6 Stretch 4
46%
8 Big Pharma
42%
Aucun quiz correspondant
Distribution des résultats
% des personnes avec chaque résultat
Percentile par nombre de réponses
Votre historique - résultats
Vous n’avez pas pris ce quiz